| 000 | 00375nam a2200157Ia 4500 | ||
|---|---|---|---|
| 008 | 230524s9999 xx 000 0 und d | ||
| 082 |
_a4.12 _bJEY |
||
| 100 | _aT.Jeyapoovar | ||
| 245 | 2 | _aA First Course in Programming with C | |
| 250 | _a4TH | ||
| 260 |
_aNEW DELHI _bVikas _c2005 |
||
| 300 | _aXXII;442 | ||
| 500 | _aQuantity Number: 2 | ||
| 650 | _aComp-Sc | ||
| 942 | _cBK | ||
| 999 |
_c694 _d694 |
||